| 000 | 01085cam a2200229 4500 | ||
|---|---|---|---|
| 001 | WB3822-29 | ||
| 008 | 020619n2002 000 0 eng u | ||
| 035 | _a(Sirsi) u118453 | ||
| 245 | _aPlain English | ||
| 260 | _c2002 | ||
| 490 |
_aRICS Press Release _v19 June 2002, (2) |
||
| 520 | _aRICS publishes new guidance on property valuation in an attempt to simplify the process. The standards now specifiy that valuations are based on special market assumptions rather than technical bases that only a few specialists understand. These standards are being lauched at the same time as the latest amendment of the RICS Red Book. For the RICS Press Release: http://www.rics.org/ricscms/bin/show?class=PressRelease&template=/includes/showpr.html&id=753 | ||
| 590 | _aWB | ||
| 650 | _aPROPERTY VALUATIONS | ||
| 650 | _aVALUATION FACULTY | ||
| 650 | _aBRITISH BANKERS ASSOCIATION | ||
| 650 | _aASSOCIATION OF PROPERTY BANKERS | ||
| 650 | _aMARKET INDICATORS | ||
| 650 | _aRICS APPRAISAL AND VALUATION MANUAL | ||
| 690 | _aPROPERTY-PROPERTY APPRAISAL AND VALUATION | ||
| 942 | _n0 | ||
| 999 |
_c70508 _d70508 |
||